|
|
|
|
| LEADER |
00000nab a2200000 a 4500 |
| 001 |
vtls000793975 |
| 003 |
SK-MaSNL |
| 005 |
20260305002125.0 |
| 008 |
040806c2002 xo 0 slo |
| 015 |
|
|
|a SNBRB2002/05-15909
|
| 035 |
|
|
|a CLN000145630
|
| 040 |
|
|
|a SNKBUCL
|b slo
|c SNKBUCL
|e AACR2
|
| 041 |
0 |
|
|a slo
|
| 044 |
|
|
|a xo
|c SK
|
| 080 |
|
|
|a 329.14(437.6)
|2 UDC-MRF-SK2
|
| 100 |
1 |
|
|a Števko, Ľudovít,
|d 1939-2025
|4 ain
|9 106971
|
| 245 |
1 |
0 |
|a Politika s ľudskou tvárou
|b Jozef Kalman: Chudobným musí ktosi pomôcť
|c [zhováral sa] Ľudovít Števko
|
| 300 |
|
|
|b Fotogr.
|
| 650 |
0 |
7 |
|a politika ľavicová
|z Slovensko
|2 snkbucl
|9 843093
|
| 655 |
|
7 |
|a články z novín a časopisov
|2 snkbucl
|9 267496
|
| 700 |
1 |
|
|a Kalman, Jozef
|4 aut
|4 uin
|9 702082
|
| 773 |
0 |
|
|t Extra plus
|g Roč. 3, č. 17/18 (2002), s. 10
|
| 850 |
|
|
|a Slovenská národná knižnica v Martine
|
| 852 |
|
|
|a SNK
|b KIS3GCP
|
| 999 |
|
|
|c 3223916
|d 3225846
|